[Event "Karl Mala Memorial op-A 16th"]
[Site "Frankfurt"]
[Date "2013.07.11"]
[Round "1"]
[White "Kappes, Dieter"]
[Black "Reimer, Thomas"]
[Result "1-0"]
[WhiteElo "1991"]
[BlackElo "1932"]
[PlyCount "53"]
[EventDate "2013.07.11"]
[EventType "swiss"]
[EventRounds "7"]
[EventCountry "GER"]
[SourceTitle "EXT 2014"]
[Source "ChessBase"]
[SourceDate "2013.11.20"]
[SourceVersion "1"]
[SourceVersionDate "2013.11.20"]
[SourceQuality "1"]

1. e4 e6 2. d4 d5 3. Nd2 Nf6 4. e5 Nfd7 5. Bd3 c5 6. c3 Nc6 7. Ne2 cxd4 8. cxd4 f6 9. exf6 Nxf6 10. 0-0 Bd6 11. Nf3 Qc7 12. Bg5 0-0 13. Ng3 Qf7 14. Rc1 Bd7 15. a3 h6 16. Bd2 g5 17. Bc3 Be8 18. Bb1 Bf4 19. Rc2 Ne4 20. Re2 Nxc3 21. bxc3 Bd6 22. Qd3 Bxg3 23. hxg3 Rc8 24. Rxe6 Qg7 25. Ne5 Nxe5 26. Rxe5 Bf7 27. Re7 1-0